NAFTA smeruje na juh Jeden z amerických nástrojov na integráciu západnej pologule

Rozširovanie Severoamerickej dohody voľného obchodu (NAFTA) - zakladajúci členovia USA, Kanada, Mexiko. Ďalším perspektívnym členom sa má stať Chile, postupne Argentína a Brazília. Dôležitosť vstupu Chile do združenia NAFTA.

Guardado en:
Detalles Bibliográficos
Autor principal: Hanáček, Juraj
Formato: Capítulo de libro
Lenguaje:eslovaco
Materias:
Etiquetas: Agregar Etiqueta
Sin Etiquetas, Sea el primero en etiquetar este registro!

MARC

LEADER 00000naa a2200000 4500
001 r017187
005 20221213100504.7
041 0 |a slo 
044 |a SK 
245 1 0 |a NAFTA smeruje na juh  |b Jeden z amerických nástrojov na integráciu západnej pologule  |c Juraj Hanáček 
520 |a Rozširovanie Severoamerickej dohody voľného obchodu (NAFTA) - zakladajúci členovia USA, Kanada, Mexiko. Ďalším perspektívnym členom sa má stať Chile, postupne Argentína a Brazília. Dôležitosť vstupu Chile do združenia NAFTA. 
610 2 0 |a NAFTA 
610 2 0 |a integrácia ekonomická medzinárodná 
610 2 0 |a obchod voľný 
610 2 0 |a Čile 
610 2 0 |a USA 
610 2 0 |a Kanada 
610 2 0 |a Mexiko 
610 2 0 |a dohody obchodné 
100 1 |a Hanáček, Juraj